| 000 | 00469nam a2200193Ia 4500 | ||
|---|---|---|---|
| 005 | 20240823020851.0 | ||
| 008 | 240823s9999||||xx |||||||||||||| ||und|| | ||
| 020 | _a981-240-240-381-7 | ||
| 041 | _aENGLISH | ||
| 082 | _A621.46 P2 | ||
| 100 | _a"Brumbach,Michael E" | ||
| 245 | 0 | _aElectronic Variable Speed Drives | |
| 250 | _a2nd | ||
| 260 |
_c2002 _b"Thompson,Aust" |
||
| 500 | _aTRANSFERED | ||
| 650 |
_aDrives _bElectronics |
||
| 942 | _cBK | ||
| 999 |
_c175743 _d175743 |
||